000 00871mam a2200277 a 4500
001 6247
003 BD-RjUL
005 20211208234219.0
008 140109s19631954enkaf j 000 0 eng d
035 _a(OCoLC)59004533
035 _a(OCoLC)ocm59004533
035 _a(BD-RjUL)6287
035 _a(NNC)2403637
040 _aMnU
_beng
_cCaOTULAS
_dCSmH
_dNNC
_dBD-RjUL
041 _aeng
082 0 0 _a398.20941
_bWIS 1969
_223
090 _aGR144
_b.W54 1954
100 1 _aWilson, Barbara Ker,
_d1929-
_919644
245 1 0 _aScottish folk-tales and legends /
_cretold by Barbara Ker Wilson ; illustrated by Joan Kiddell-Monroe.
260 _aLondon :
_bOxford University Press,
_c1954 [Reprinted 1969].
300 _axi, 207 p. :
_bill. ;
_c23 cm.
650 0 _aTales
_zScotland.
_919645
650 0 _aLegends
_zScotland.
_919646
942 _2ddc
_cBK
999 _c6247
_d6247